On This Day: June 12th Quiz Stats

 Plays Quiz Updated Jun 12, 2017

Support Sporcle.
Go Orange.
Score 0/7 Timer 03:00
0 Plays Today
Question Answer Wrong Answers
This anti-apartheid activist and ANC leader is sentenced to life in prison for sabotage in South Africa.
1964
Nelson Mandela
88.3%
Jacob Zuma
1.3%
Steve Biko
3.4%
Desmond Tutu
3.4%
At the Brandenburg Gate, US President Ronald Reagan publicly challenges this man to tear down the Berlin Wall.
1987
Mikhail Gorbachev
85.3%
Boris Yeltsin
4.2%
Nikita Khrushchev
4.5%
Vladimir Putin
1.7%
The United States Supreme Court in Loving v. Virginia declares all US state laws which prohibit ______ to be unconstitutional.
1967
Interracial Marriage
80.9%
Alcohol Sales
7.9%
Tobacco Sales
3.2%
Gambling
4%
General Emilio Aguinaldo declares the Philippines' independence from ______.
1898
Spain
70.8%
China
8.2%
France
10.2%
Japan
10.7%
This American lieutenant and politician, the 41st President of the United States, is born.
1924
George H. W. Bush
70%
Ronald Reagan
9.4%
Jimmy Carter
14.3%
Bill Clinton
5.4%
The Baseball Hall of Fame opens in ______, New York.
1939
Cooperstown
68%
Buffalo
12.5%
Albany
8.6%
Syracuse
9.1%
NAACP field secretary ______ is murdered in front of his home in Jackson, Mississippi, by Ku Klux Klan member Byron De La Beckwith.
1963
Medgar Evers
57.9%
Fred Hampton
9.6%
George W. Ashburn
17.2%
Leon Jordan
12.2%

You're not logged in!

Compare scores with friends on all Sporcle quizzes.
OR
Log In
Forgot?

From the Vault

Europe: What Does It Border?

by WalshyMusic

There's not a lot of wiggle room between European countries.
Remove Ads.
Support Sporcle.
Get the best of Sporcle when you Go Orange. This ad-free experience offers more features, more stats, and more fun while also helping to support Sporcle. Thank you for becoming a member.

Show Comments

Extras

Top Quizzes Today


Score Distribution

Your Account Isn't Verified!

In order to create a playlist on Sporcle, you need to verify the email address you used during registration. Go to your Sporcle Settings to finish the process.

Report this User

Report this user for behavior that violates our Community Guidelines.

Details: